000 00334nam a2200157Ia 4500
100 _aMehta N.V.
650 _aGeneral
942 _cBK
654 _aIncome Tax
245 _aIncome Tax Ready Reckoner 200-1-02
260 _bShrikuber Pub House
082 _a336.24
_bMEH
300 _a336
546 _aENGLISH
999 _c20912
_d20912